Descripción del Reino de Granada / (Record no. 165408)

MARC details
000 -LEADER
campo de control de longitud fija 00919nam a2200217 i 4500
001 - NÚMERO DE CONTROL
campo de control 165408
003 - IDENTIFICADOR DE NÚMERO DE CONTROL
campo de control ES-MaACL
005 - FECHA Y HORA DE LA ÚLTIMA TRANSACCIÓN
campo de control 20251014063241.0
008 - DATOS DE LONGITUD FIJA--INFORMACIÓN GENERAL
campo de control de longitud fija 991105s1872 sp |||| | spa d
040 ## - FUENTE DE CATALOGACIÓN
Centro catalogador/agencia de origen M-RAJU
Lengua de catalogación spa
Centro/agencia transcriptor M-RAJU
Centro/agencia modificador CCPB | B
100 1# - ENTRADA PRINCIPAL--NOMBRE DE PERSONA
Nombre de persona Simonet, Francisco Javier,
Fechas asociadas al nombre 1829-1897
9 (RLIN) 106570
245 10 - MENCIÓN DEL TÍTULO
Título Descripción del Reino de Granada /
Mención de responsabilidad, etc. sacada de los autores arábigos por Francisco Javier Simonet.
250 ## - MENCION DE EDICION
Mención de edición Nueva ed. corr. y aum.
260 ## - PUBLICACIÓN, DISTRIBUCIÓN, ETC.
Lugar de publicación, distribución, etc. Granada :
Nombre del editor, distribuidor, etc. Imprenta y Librería de Reyes y Hermano,
Fecha de publicación, distribución, etc. 1872.
300 ## - DESCRIPCIÓN FÍSICA
Extensión VIII, 320 p. ;
Dimensiones 24 cm.
530 ## - NOTA DISPONIBLE DE FORMULARIO FÍSICO ADICIONAL
Nota de formato físico adicional disponible Disponible en formato digital.
651 #4 - PUNTO DE ACCESO ADICIONAL DE MATERIA--NOMBRE GEOGRÁFICO
Nombre geográfico Granada (Reino)-
Subdivisión general Historia.
9 (RLIN) 137204
852 ## - LOCALIZACIÓN
Ubicación ES-MaACL
Número de control de estantería F-5416
Nota libre -- Enc. hol.
-- -- Dedic. ms. del autor al Ateneo Científico y Literario de Madrid
856 ## - LOCALIZACIÓN Y ACCESO ELECTRÓNICOS
Identificador Uniforme de Recursos <a href="http://bdh-rd.bne.es/viewer.vm?id=0000248165&page=1 ">http://bdh-rd.bne.es/viewer.vm?id=0000248165&page=1 </a>
Nota pública Biblioteca Digital Hispánica
Holdings
Estatus retirado Estado de pérdida Estado de daño No para préstamo Colección Biblioteca de origen Biblioteca actual Ubicación en estantería Fecha de adquisición Fuente de adquisición Total de préstamos Signatura topográfica completa Código de barras Visto por última vez Precio de reemplazo Tipo de ítem Koha
        Colección digital Biblioteca del Ateneo de Madrid Biblioteca del Ateneo de Madrid Depósito 2 17/01/2008     F-5416 1173453 23/02/2023 23/02/2023 Libro impreso antiguo